Statistics for Countries with Time Zones Not on the Hour

Click here to take the quiz!

General Stats

  • This quiz has been taken 291 times
    (283 since last reset)
  • The average score is 6 of 8

Answer Stats

Time ZoneCountry% Correct
UTC +5:30India
82%
UTC +5:45Nepal
82%
UTC +3:30Iran
78%
UTC +4:30Afghanistan
77%
UTC -4:30Venezuela
72%
UTC+8:30North Korea
64%
UTC+6:30Myanmar
59%
UTC +5:30Sri Lanka
57%

Score Distribution

Percentile by Number Answered

Percent of People with Each Score

Your Score History

You have not taken this quiz since the last reset